000 00373nam a2200145Ia 4500
100 _aComer/D.J.
650 _aElectrical Engineering
942 _cBK
654 _aElectronics Design With Integrated Circuits
245 _aElectronics Design With Integrated Circuits
260 _bAddison-Wesly Pub.
_aReading
_c1981
300 _a353
546 _aENGLISH
999 _c19975
_d19975